Country to city but it gets increasingly harder. - Statistics

General Stats
  • This quiz has been taken 51 times
  • The average score is 8 of 12
Answer Stats
Hint Answer % Correct
Rio De Janeiro Brazil
100%
New York City United States Of America
98%
Vancouver Canada
92%
Ankara Turkey
86%
Hobart Australia
82%
Marrakesh Morocco
80%
Niamey Niger
78%
Dodoma Tanzania
78%
Chittagong Bangladesh
68%
Roermond Netherlands
40%
Alta Norway
38%
Affobakka Suriname
8%
No matching quizzes found
Score Distribution
Percent of People with Each Score
Percentile by Number Answered
Your Score History
You have not taken this quiz